| 000 | 00672nam a2200217Ia 4500 | ||
|---|---|---|---|
| 003 | SISC | ||
| 005 | 20170116154931.0 | ||
| 008 | 140321s9999 xx 000 0 und d | ||
| 020 | _a9789814384933 | ||
| 050 |
_aHB 615 _b.K87 2012 |
||
| 100 | _aKuratko, David F. | ||
| 245 |
_aEntrepreneurship : _ban introduction / _cDonald F. Kuratko. |
||
| 260 |
_aPhilippines : _bCengage Learning, _c2012. |
||
| 300 |
_a556 pages : _billustrations ; _c26 cm. |
||
| 500 | _aIncludes index. | ||
| 650 |
_aEntrepreneurship _xUnited States. |
||
| 650 |
_aNew business enterprises _xUnited States. |
||
| 650 |
_aSmall business _xUnited States. |
||
| 942 |
_kLOC _cBK _2lcc |
||
| 999 |
_c48432 _d48432 |
||